000 00503nam a22001697a 4500
005 20250418161343.0
008 250418b |||||||| |||| 00| 0 eng d
020 _a9780198903154
040 _aSDCL
_cSDCL
041 _2eng
_aeng
084 _aX:5381 R4
100 _aSripati, Vijayashri
_9752454
245 _aMaking globalization happen :
_bThe untold story of power, profits, privilege
260 _aNew York :
_bOxford University Press,
_c2024.
300 _axxviii,536p.
942 _2CC
_cTEXL
_n0
999 _c1309173
_d1309173